00827nam a22002537a 4500003000900000005001700009008004000026020001500066040002200081082001500103100001900118245007600137260004900213300003100262490001700293700002500310830001700335910001000352942001200362945002800374952011600402956004000518999001500558DO-SdBNP20180226132940.0151204b [199-?] sp a 00| 0 spa d a8423612392 aBPMSUbspacBPMSU 4axxxxbxxxx1 aSoto, Apuleyo 1 aDoña Noche y sus amigos /cApuleyo Soto ; ilustraciones Horacio Elena aBarcelona : bEdiciones Don Bosco,c[199-?]. a44 p. : bil. ; c21 cm. 1 aTeatro Edebe12aElena, Horacio,eil. 0aTeatro Edebe a00260 2ddccBK aInventariado, 2018 / BT 00102ddc40708CI-GaBPMETbBPMETd2015-12-04eFUNDIl0oxxxx xxxxpBPMSU15120043r2015-12-04w2015-12-04yBK aBTAVAREZb10d20151204fBPMSUh0038 c9009d9009